<?xml version="1.0" encoding="UTF-8"?>
<record
    xmlns:xsi="http://www.w3.org/2001/XMLSchema-instance"
    xsi:schemaLocation="http://www.loc.gov/MARC21/slim http://www.loc.gov/standards/marcxml/schema/MARC21slim.xsd"
    xmlns="http://www.loc.gov/MARC21/slim">

  <leader>00712nam a22002297a 4500</leader>
  <datafield tag="999" ind1=" " ind2=" ">
    <subfield code="c">1004</subfield>
    <subfield code="d">1004</subfield>
  </datafield>
  <controlfield tag="001">9296</controlfield>
  <controlfield tag="003">BD-DhUAP</controlfield>
  <controlfield tag="005">20210127155723.0</controlfield>
  <controlfield tag="008">200129s2006    ii a     b    000 0 eng d</controlfield>
  <datafield tag="040" ind1=" " ind2=" ">
    <subfield code="a">BD-DhAAL</subfield>
    <subfield code="c">BD-DhAAL</subfield>
    <subfield code="b">Eng</subfield>
    <subfield code="d">BD-DhUAP</subfield>
  </datafield>
  <datafield tag="082" ind1="0" ind2="0">
    <subfield code="a">340 JHA</subfield>
    <subfield code="2">23</subfield>
  </datafield>
  <datafield tag="100" ind1="1" ind2=" ">
    <subfield code="a">Jhabvala, Noshirvan H.</subfield>
  </datafield>
  <datafield tag="245" ind1="1" ind2="0">
    <subfield code="a">The elements of jurisprudence 2006 /</subfield>
    <subfield code="c">by Noshirvan H. Jhabvala.</subfield>
  </datafield>
  <datafield tag="250" ind1=" " ind2=" ">
    <subfield code="a">24th rev. ed.</subfield>
  </datafield>
  <datafield tag="260" ind1=" " ind2=" ">
    <subfield code="a">Mumbai, India :</subfield>
    <subfield code="b">C. Jamnadas,</subfield>
    <subfield code="c">2006 [Reprinted  2012].</subfield>
  </datafield>
  <datafield tag="300" ind1=" " ind2=" ">
    <subfield code="a">iv, 220 pages :</subfield>
    <subfield code="b">illustrations ;</subfield>
    <subfield code="c">24 cm.</subfield>
  </datafield>
  <datafield tag="504" ind1=" " ind2=" ">
    <subfield code="a">Includes bibliographical references.</subfield>
  </datafield>
  <datafield tag="650" ind1=" " ind2="0">
    <subfield code="a">Jurisprudence.</subfield>
  </datafield>
  <datafield tag="942" ind1=" " ind2=" ">
    <subfield code="2">ddc</subfield>
    <subfield code="c">BK</subfield>
  </datafield>
  <datafield tag="952" ind1=" " ind2=" ">
    <subfield code="0">0</subfield>
    <subfield code="1">0</subfield>
    <subfield code="2">ddc</subfield>
    <subfield code="4">0</subfield>
    <subfield code="7">0</subfield>
    <subfield code="a">UAPCL</subfield>
    <subfield code="b">UAPCL</subfield>
    <subfield code="c">General Stacks</subfield>
    <subfield code="d">2020-01-29</subfield>
    <subfield code="o">340 JHA</subfield>
    <subfield code="p">3010009296</subfield>
    <subfield code="r">2020-01-29</subfield>
    <subfield code="t">1</subfield>
    <subfield code="w">2020-01-29</subfield>
    <subfield code="y">BK</subfield>
  </datafield>
  <datafield tag="952" ind1=" " ind2=" ">
    <subfield code="0">0</subfield>
    <subfield code="1">0</subfield>
    <subfield code="2">ddc</subfield>
    <subfield code="4">0</subfield>
    <subfield code="7">0</subfield>
    <subfield code="a">UAPCL</subfield>
    <subfield code="b">UAPCL</subfield>
    <subfield code="c">General Stacks</subfield>
    <subfield code="d">2020-01-29</subfield>
    <subfield code="o">340 JHA</subfield>
    <subfield code="p">3010011123</subfield>
    <subfield code="r">2020-01-29</subfield>
    <subfield code="t">2</subfield>
    <subfield code="w">2020-01-29</subfield>
    <subfield code="y">BK</subfield>
  </datafield>
  <datafield tag="952" ind1=" " ind2=" ">
    <subfield code="0">0</subfield>
    <subfield code="1">0</subfield>
    <subfield code="2">ddc</subfield>
    <subfield code="4">0</subfield>
    <subfield code="7">0</subfield>
    <subfield code="a">UAPCL</subfield>
    <subfield code="b">UAPCL</subfield>
    <subfield code="c">General Stacks</subfield>
    <subfield code="d">2020-01-29</subfield>
    <subfield code="o">340 JHA</subfield>
    <subfield code="p">3010011122</subfield>
    <subfield code="r">2020-01-29</subfield>
    <subfield code="t">3</subfield>
    <subfield code="w">2020-01-29</subfield>
    <subfield code="y">BK</subfield>
  </datafield>
  <datafield tag="952" ind1=" " ind2=" ">
    <subfield code="0">0</subfield>
    <subfield code="1">0</subfield>
    <subfield code="2">ddc</subfield>
    <subfield code="4">0</subfield>
    <subfield code="7">0</subfield>
    <subfield code="a">UAPCL</subfield>
    <subfield code="b">UAPCL</subfield>
    <subfield code="c">General Stacks</subfield>
    <subfield code="d">2020-01-29</subfield>
    <subfield code="o">340 JHA</subfield>
    <subfield code="p">3010011651</subfield>
    <subfield code="r">2020-01-29</subfield>
    <subfield code="t">4</subfield>
    <subfield code="w">2020-01-29</subfield>
    <subfield code="y">BK</subfield>
  </datafield>
  <datafield tag="952" ind1=" " ind2=" ">
    <subfield code="0">0</subfield>
    <subfield code="1">0</subfield>
    <subfield code="2">ddc</subfield>
    <subfield code="4">0</subfield>
    <subfield code="7">0</subfield>
    <subfield code="a">UAPCL</subfield>
    <subfield code="b">UAPCL</subfield>
    <subfield code="c">General Stacks</subfield>
    <subfield code="d">2020-01-29</subfield>
    <subfield code="o">340 JHA</subfield>
    <subfield code="p">3010014267</subfield>
    <subfield code="r">2020-01-29</subfield>
    <subfield code="t">5</subfield>
    <subfield code="w">2020-01-29</subfield>
    <subfield code="y">BK</subfield>
  </datafield>
  <datafield tag="952" ind1=" " ind2=" ">
    <subfield code="0">0</subfield>
    <subfield code="1">0</subfield>
    <subfield code="2">ddc</subfield>
    <subfield code="4">0</subfield>
    <subfield code="7">0</subfield>
    <subfield code="a">UAPCL</subfield>
    <subfield code="b">UAPCL</subfield>
    <subfield code="c">General Stacks</subfield>
    <subfield code="d">2020-01-29</subfield>
    <subfield code="o">340 JHA</subfield>
    <subfield code="p">3010014263</subfield>
    <subfield code="r">2020-01-29</subfield>
    <subfield code="t">6</subfield>
    <subfield code="w">2020-01-29</subfield>
    <subfield code="y">BK</subfield>
  </datafield>
  <datafield tag="952" ind1=" " ind2=" ">
    <subfield code="0">0</subfield>
    <subfield code="1">0</subfield>
    <subfield code="2">ddc</subfield>
    <subfield code="4">0</subfield>
    <subfield code="7">0</subfield>
    <subfield code="a">UAPCL</subfield>
    <subfield code="b">UAPCL</subfield>
    <subfield code="c">General Stacks</subfield>
    <subfield code="d">2020-01-29</subfield>
    <subfield code="l">1</subfield>
    <subfield code="o">340 JHA</subfield>
    <subfield code="p">3010014264</subfield>
    <subfield code="r">2023-09-12</subfield>
    <subfield code="s">2023-08-29</subfield>
    <subfield code="t">7</subfield>
    <subfield code="w">2020-01-29</subfield>
    <subfield code="y">BK</subfield>
  </datafield>
  <datafield tag="952" ind1=" " ind2=" ">
    <subfield code="0">0</subfield>
    <subfield code="1">0</subfield>
    <subfield code="2">ddc</subfield>
    <subfield code="4">0</subfield>
    <subfield code="7">0</subfield>
    <subfield code="a">UAPCL</subfield>
    <subfield code="b">UAPCL</subfield>
    <subfield code="c">General Stacks</subfield>
    <subfield code="d">2020-01-29</subfield>
    <subfield code="o">340 JHA</subfield>
    <subfield code="p">3010014265</subfield>
    <subfield code="r">2020-01-29</subfield>
    <subfield code="t">8</subfield>
    <subfield code="w">2020-01-29</subfield>
    <subfield code="y">BK</subfield>
  </datafield>
  <datafield tag="952" ind1=" " ind2=" ">
    <subfield code="0">0</subfield>
    <subfield code="1">0</subfield>
    <subfield code="2">ddc</subfield>
    <subfield code="4">0</subfield>
    <subfield code="7">0</subfield>
    <subfield code="a">UAPCL</subfield>
    <subfield code="b">UAPCL</subfield>
    <subfield code="c">General Stacks</subfield>
    <subfield code="d">2020-01-29</subfield>
    <subfield code="o">340 JHA</subfield>
    <subfield code="p">3010011649</subfield>
    <subfield code="r">2020-02-05</subfield>
    <subfield code="t">9</subfield>
    <subfield code="w">2020-01-29</subfield>
    <subfield code="y">BK</subfield>
  </datafield>
  <datafield tag="952" ind1=" " ind2=" ">
    <subfield code="0">0</subfield>
    <subfield code="1">0</subfield>
    <subfield code="2">ddc</subfield>
    <subfield code="4">0</subfield>
    <subfield code="7">0</subfield>
    <subfield code="a">UAPCL</subfield>
    <subfield code="b">UAPCL</subfield>
    <subfield code="c">Reserve Stacks</subfield>
    <subfield code="d">2021-01-27</subfield>
    <subfield code="o">340 JHA</subfield>
    <subfield code="p">3010008793</subfield>
    <subfield code="r">2021-01-27</subfield>
    <subfield code="t">10</subfield>
    <subfield code="w">2021-01-27</subfield>
    <subfield code="y">BK</subfield>
  </datafield>
  <datafield tag="952" ind1=" " ind2=" ">
    <subfield code="0">0</subfield>
    <subfield code="1">0</subfield>
    <subfield code="2">ddc</subfield>
    <subfield code="4">0</subfield>
    <subfield code="7">0</subfield>
    <subfield code="a">UAPCL</subfield>
    <subfield code="b">UAPCL</subfield>
    <subfield code="c">Reserve Stacks</subfield>
    <subfield code="d">2021-01-27</subfield>
    <subfield code="o">340 JHA</subfield>
    <subfield code="p">3010017246</subfield>
    <subfield code="r">2021-01-27</subfield>
    <subfield code="t">11</subfield>
    <subfield code="w">2021-01-27</subfield>
    <subfield code="y">BK</subfield>
  </datafield>
  <datafield tag="952" ind1=" " ind2=" ">
    <subfield code="0">0</subfield>
    <subfield code="1">0</subfield>
    <subfield code="2">ddc</subfield>
    <subfield code="4">0</subfield>
    <subfield code="7">0</subfield>
    <subfield code="a">UAPCL</subfield>
    <subfield code="b">UAPCL</subfield>
    <subfield code="c">Reserve Stacks</subfield>
    <subfield code="d">2021-01-27</subfield>
    <subfield code="o">340 JHA</subfield>
    <subfield code="p">3010017245</subfield>
    <subfield code="r">2021-01-27</subfield>
    <subfield code="t">12</subfield>
    <subfield code="w">2021-01-27</subfield>
    <subfield code="y">BK</subfield>
  </datafield>
  <datafield tag="952" ind1=" " ind2=" ">
    <subfield code="0">0</subfield>
    <subfield code="1">0</subfield>
    <subfield code="2">ddc</subfield>
    <subfield code="4">0</subfield>
    <subfield code="7">0</subfield>
    <subfield code="a">UAPCL</subfield>
    <subfield code="b">UAPCL</subfield>
    <subfield code="c">Reserve Stacks</subfield>
    <subfield code="d">2021-01-27</subfield>
    <subfield code="o">340 JHA</subfield>
    <subfield code="p">3010017244</subfield>
    <subfield code="r">2021-01-27</subfield>
    <subfield code="t">13</subfield>
    <subfield code="w">2021-01-27</subfield>
    <subfield code="y">BK</subfield>
  </datafield>
  <datafield tag="952" ind1=" " ind2=" ">
    <subfield code="0">0</subfield>
    <subfield code="1">0</subfield>
    <subfield code="2">ddc</subfield>
    <subfield code="4">0</subfield>
    <subfield code="7">0</subfield>
    <subfield code="a">UAPCL</subfield>
    <subfield code="b">UAPCL</subfield>
    <subfield code="c">General Stacks</subfield>
    <subfield code="d">2021-01-31</subfield>
    <subfield code="o">340 JHA</subfield>
    <subfield code="p">3010011121</subfield>
    <subfield code="r">2021-01-31</subfield>
    <subfield code="t">14</subfield>
    <subfield code="w">2021-01-31</subfield>
    <subfield code="y">BK</subfield>
  </datafield>
  <datafield tag="952" ind1=" " ind2=" ">
    <subfield code="0">0</subfield>
    <subfield code="1">0</subfield>
    <subfield code="2">ddc</subfield>
    <subfield code="4">0</subfield>
    <subfield code="7">0</subfield>
    <subfield code="a">UAPCL</subfield>
    <subfield code="b">UAPCL</subfield>
    <subfield code="c">General Stacks</subfield>
    <subfield code="d">2021-01-31</subfield>
    <subfield code="o">340 JHA</subfield>
    <subfield code="p">3010014266</subfield>
    <subfield code="r">2021-01-31</subfield>
    <subfield code="t">15</subfield>
    <subfield code="w">2021-01-31</subfield>
    <subfield code="y">BK</subfield>
  </datafield>
</record>
